logo

Bir Sreshtho Munshi Abdur Rouf Library
Jhenaidah Cadet College

Study Listening / (Record no. 626)

MARC details
000 -LEADER
fixed length control field 00592nam a2200229 a 4500
001 - CONTROL NUMBER
JCCL Control Number 626
003 - CONTROL NUMBER IDENTIFIER
JCCL marc code BD-JhCC
005 - DATE AND TIME OF LATEST TRANSACTION
control field 20171017192127.0
008 - FIXED-LENGTH DATA ELEMENTS--GENERAL INFORMATION
fixed length control field 171008s20102004enk |||| ||a| 00| 0 eng d
020 ## - INTERNATIONAL STANDARD BOOK NUMBER
International Standard Book Number 139780521707756
035 ## - SYSTEM CONTROL NUMBER
system control number (BD-JhCC)626
040 ## - CATALOGING SOURCE
Original cataloging agency BD-JhCC
Modifying agency BD-JhCC
041 ## - LANGUAGE CODE
Language code of Book eng
082 ## - DEWEY DECIMAL CLASSIFICATION NUMBER
DDC Edition number 22
Classification number 428.3
Author mark and Year LYN 2010
100 ## - MAIN ENTRY--PERSONAL NAME
Personal name Lynch Tony
245 ## - TITLE STATEMENT
Title Study Listening /
Statement of responsibility, etc Tony Lynch
260 ## - PUBLICATION, DISTRIBUTION, ETC. (IMPRINT)
Place of publication, distribution, etc United kingdom
Name of publisher, distributor, etc Cambridge Univerdity Press
Date of publication, distribution, etc 2010
300 ## - PHYSICAL DESCRIPTION
Pagination 214 p.:
Other physical details ills;
Dimensions 24 cm.
650 ## - SUBJECT ADDED ENTRY--TOPICAL TERM
Topical term or geographic name as entry element English Language
General subdivision Spoken English
942 ## - ADDED ENTRY ELEMENTS (KOHA)
Source of classification or shelving scheme Dewey Decimal Classification
Koha item type Books
Holdings
Source of classification or shelving scheme Damaged status Not for loan Home library Current library Shelving location Date of accession Total Checkouts Full call number Barcode Date last seen Copy number Koha item type
Dewey Decimal Classification     JCC Rouf Library JCC Rouf Library General Stacks 10/08/2017   428.3 LYN 2010 1149 10/08/2017 C-1 Books

JCC Library | Contacts | JCC Home

Last Update on 23 September 2017
Copyright @ 2017-2020 JCC Rouf Library
Rouf Library, Jhenidah Cadet College (JCC), Bangladesh